|
|
|
|
| LEADER |
01561nam a2200409Ia 4500 |
| 001 |
EBC459524 |
| 003 |
MiAaPQ |
| 005 |
20200520144314.0 |
| 006 |
m o d | |
| 007 |
cr cn||||||||| |
| 008 |
081218s2009 dcua sb i001 0 eng d |
| 010 |
|
|
|z 2008051559
|
| 020 |
|
|
|z 9780821378120
|
| 020 |
|
|
|z 0821378120
|
| 020 |
|
|
|a 9780821378137 (electronic bk.)
|
| 020 |
|
|
|a 0821378139 (electronic bk.)
|
| 035 |
|
|
|a (MiAaPQ)EBC459524
|
| 035 |
|
|
|a (Au-PeEL)EBL459524
|
| 035 |
|
|
|a (CaPaEBR)ebr10285625
|
| 035 |
|
|
|a (CaONFJC)MIL202649
|
| 035 |
|
|
|a (OCoLC)560620984
|
| 040 |
|
|
|a MiAaPQ
|c MiAaPQ
|d MiAaPQ
|
| 050 |
|
4 |
|a HG5843.A3
|b I27 2009
|
| 100 |
1 |
|
|a Iarossi, Giuseppe.
|
| 245 |
1 |
3 |
|a An assessment of the investment climate in Kenya
|h [electronic resource] /
|c Giuseppe Iarossi.
|
| 260 |
|
|
|a Washington, D.C. :
|b World Bank,
|c c2009.
|
| 300 |
|
|
|a xiii, 121 p. :
|b ill.
|
| 490 |
1 |
|
|a Directions in development. Private sector development
|
| 504 |
|
|
|a Includes bibliographical references (p. 113-115) and index.
|
| 533 |
|
|
|a Electronic reproduction. Ann Arbor, MI : ProQuest, 2015. Available via World Wide Web. Access may be limited to ProQuest affiliated libraries.
|
| 650 |
|
0 |
|a Investments
|z Kenya.
|
| 650 |
|
0 |
|a Business enterprises
|z Kenya.
|
| 650 |
|
0 |
|a Corporate culture
|z Kenya.
|
| 655 |
|
4 |
|a Electronic books.
|
| 710 |
2 |
|
|a ProQuest (Firm)
|
| 830 |
|
0 |
|a Directions in development (Washington, D.C.).
|p Private sector development.
|
| 856 |
4 |
0 |
|u https://ebookcentral.proquest.com/lib/matrademy/detail.action?docID=459524
|z Click to View
|